000 00269nam a2200109Ia 4500
001 588880
005 20250717120839.0
008 250717s9999 xx 000 0 und d
245 0 _aY-7 İMAM MATURUDİ
_cRAMAZAN BİÇER
260 _bERDEM YAYINLARI
_c2018
300 _b142
999 _c588880
_d588880